| 000 | 00645nam a2200229Ia 4500 | ||
|---|---|---|---|
| 003 | OSt | ||
| 005 | 20221007072033.0 | ||
| 006 | a|||||r|||| 00| 0 | ||
| 007 | ta | ||
| 008 | 221006b |||||||| |||| 00| 0 eng d | ||
| 024 | _a13,415 | ||
| 037 | _cTextual | ||
| 040 |
_aFLL _cFLL _beng |
||
| 041 |
_2eng _aeng |
||
| 082 | _aV73:271:N5, J6;1 | ||
| 100 | _aRamaswamy M. Au. | ||
| 245 | 0 | _aCreative role of the supreme court of the united states | |
| 260 |
_aLondon _bOxford university press London _c1956 |
||
| 300 |
_a136p _ccm. |
||
| 942 |
_hV73:271:N5, J6;1 _cTEXL _2CC |
||
| 999 |
_c1145059 _d1145059 |
||